| 000 | 00348nam a2200133Ia 4500 | ||
|---|---|---|---|
| 008 | 240624s9999 xx 000 0 und d | ||
| 041 | _aeng | ||
| 082 | _a658.3 RAO | ||
| 100 | _aRAO P SUBBA | ||
| 245 | _aESSENTIALS OF HUMAN RESOURCE MANAGEMENT | ||
| 260 |
_c2016 _aNew Delhi _bHimalaya Publishing House |
||
| 300 | _a685 p.; 25 cm. | ||
| 365 | _cRS | ||
| 999 |
_c29407 _d29407 |
||